[Event "Mollerussa op-A"]
[Site "Mollerusa"]
[Date "1997.??.??"]
[Round "1"]
[White "Ribes Cabrera, Jordi"]
[Black "Monbiela de Sus, Jose Luis"]
[Result "1-0"]
[WhiteElo "2015"]
[BlackElo "2120"]
[PlyCount "95"]
[EventDate "1997.??.??"]
[EventType "swiss"]
[EventRounds "9"]
[EventCountry "ESP"]
[SourceTitle "EXT 2003"]
[Source "ChessBase"]
[SourceDate "2002.11.25"]
[SourceVersion "1"]
[SourceVersionDate "2002.11.25"]
[SourceQuality "1"]

1. Nf3 Nf6 2. c4 g6 3. Nc3 d5 4. d4 Bg7 5. cxd5 Nxd5 6. e4 Nxc3 7. bxc3 0-0 8. Bc4 c5 9. 0-0 Bg4 10. Bb2 cxd4 11. cxd4 Nc6 12. Rb1 Bxf3 13. gxf3 Rc8 14. d5 Ne5 15. Be2 Qc7 16. f4 Nd7 17. Bxg7 Kxg7 18. Qd4+ Kg8 19. Qe3 b6 20. Rbc1 Qd6 21. Bf3 Rc5 22. e5 Qc7 23. Rxc5 Qxc5 24. Bg4 Rd8 25. Rd1 Qxe3 26. fxe3 Nc5 27. Rd4 Kf8 28. e4 b5 29. Kf2 a5 30. Ke3 Ke8 31. d6 b4 32. Rd5 exd6 33. exd6 Ne6 34. e5 h5 35. Bxe6 fxe6 36. Rxa5 Rc8 37. Ra7 Rc3+ 38. Kd4 Rf3 39. Ke4 Rf2 40. Re7+ Kf8 41. Rxe6 Rxa2 42. Rxg6 b3 43. Rg1 Rxh2 44. Rb1 b2 45. e6 h4 46. Rd1 Ke8 47. d7+ Kd8 48. e7+ 1-0